Martinique - Gentilés - Statistiques

Statistiques générales
  • Ce quiz a été pris 49 fois
  • Le résultat moyen est 16 sur 34
Statistiques - réponses
Commune Gentilé % Correct
Robert Robertins
83%
Fort-de-France Foyalais
80%
François Franciscains
80%
Lamentin Lamentinois
80%
Marin Marinois
80%
Vauclin Vauclinois
74%
Rivière-Pilote Pilotins
69%
Diamant Diamantinois
66%
Gros-Morne Gros-Mornais
66%
Ducos Ducossais
63%
Saint-Joseph Joséphins
51%
Rivière-Salée Saléens
49%
Schoelcher Schœlcherois
49%
Trinité Trinitéens
46%
Carbet Carbétiens
43%
Saint-Pierre Pierrotains (Pierrotins)
43%
Ajoupa-Bouillon Bouillonais
40%
Fonds-Saint-Denis Denisiens
37%
Sainte-Luce Lucéens
37%
Prêcheur Préchotins
37%
Sainte-Anne Saintannais
37%
Saint-Esprit Spiritains
37%
Lorrain Lorinois
34%
Basse-Pointe Pointois
34%
Anses d'Arlet Arlésiens
31%
Grand'Rivière Riverains
31%
Marigot Marigotins
29%
Bellefontaine Bellifontains
26%
Trois-Îlets Iléens
26%
Macouba Macoubétins
26%
Case Pilote Pilotins du nord
26%
Morne-Rouge Rubimornais
26%
Sainte-Marie Samaritains
23%
Morne-Vert Verdimornais
23%
Aucun quiz correspondant
Distribution des résultats
% des personnes avec chaque résultat
Percentile par nombre de réponses
Votre historique - résultats
Vous n’avez pas pris ce quiz